RICS Public sector asset management guidelines (Record no. 107708)

MARC details
000 -LEADER
fixed length control field 01671cad a22002295a 4500
001 - CONTROL NUMBER
control field L141604
008 - FIXED-LENGTH DATA ELEMENTS--GENERAL INFORMATION
fixed length control field 071204s2008 xxk f 000 0 eng d
020 ## - INTERNATIONAL STANDARD BOOK NUMBER
International Standard Book Number 9781842193709
035 ## - SYSTEM CONTROL NUMBER
System control number (Sirsi) u141604
041 0# - LANGUAGE CODE
Language code of text/sound track or separate title eng
110 2# - MAIN ENTRY--CORPORATE NAME
Corporate name or jurisdiction name as entry element Royal Institution of Chartered Surveyors
9 (RLIN) 4900
245 00 - TITLE STATEMENT
Title RICS Public sector asset management guidelines
Remainder of title a guide to best practice
Medium [electronic resource]
260 ## - PUBLICATION, DISTRIBUTION, ETC.
Place of publication, distribution, etc. London
Name of publisher, distributor, etc. RICS
Date of publication, distribution, etc. 2008
505 2# - FORMATTED CONTENTS NOTE
Formatted contents note Introduction -- What is public sector asset management? -- Strategy and vision development -- Asset programmes -- Delivery -- Review and performance management -- Change management -- Leadership and customers -- Organisation -- Resources and capacity -- Sustainability -- Data and information management -- Asset management - an international discipline -- Bibliography: what's been published already
520 ## - SUMMARY, ETC.
Summary, etc. Superseded by 2nd edition in March 2012, ISBN 9781842197691.
520 ## - SUMMARY, ETC.
Summary, etc. Provides guidance on good practice in asset management. Explain the key steps and techniques involved in developing good asset management strategies. Includes the practicalities of asset management - from how to prepare an asset management plan, to the risks of not addressing training and development needs, to the sustainability agenda. Aims to promote more effective asset management of public sector property.
590 ## - LOCAL NOTE (RLIN)
Local note KA
651 #4 - SUBJECT ADDED ENTRY--GEOGRAPHIC NAME
Geographic name United Kingdom
Chronological subdivision
690 ## - LOCAL SUBJECT ADDED ENTRY--TOPICAL TERM (OCLC, RLIN)
Topical term or geographic name as entry element PROPERTY-OTHER PROPERTY TYPES
856 48 - ELECTRONIC LOCATION AND ACCESS
Uniform Resource Identifier <a href="https://www.rics.org/Global/Downloads/RICS_Public_Sector_Asset_Management_Guidelines_-_A_guide_to_best_practice.pdf">https://www.rics.org/Global/Downloads/RICS_Public_Sector_Asset_Management_Guidelines_-_A_guide_to_best_practice.pdf</a>
Public note View the guidelines free of charge after registration at www.rics.org...
942 ## - ADDED ENTRY ELEMENTS (KOHA)
Suppress in OPAC 0
Holdings
Withdrawn status Lost status Source of classification or shelving scheme Damaged status Not for loan Home library Current library Shelving location Date acquired Total Checkouts Full call number Barcode Date last seen Copy number Price effective from Koha item type Date last checked out
    Dewey Decimal Classification     London London Folio 25/01/2008   RICS 2008/78 30072532 06/08/2019 2 06/08/2019 Reference material  
    Dewey Decimal Classification     London London Folio 25/01/2008 7 RICS 2008/78 30072537 06/08/2019 3 06/08/2019 Book 03/09/2009
    Dewey Decimal Classification     London London Books 19/05/2016   RICS 2008/78 30072536 06/08/2019 4 06/08/2019 Archive